| 000 | 01986cam a22004694i 4500 | ||
|---|---|---|---|
| 003 | PE-LiUPU | ||
| 005 | 20250731172910.0 | ||
| 008 | 150617s r 000 0 d | ||
| 020 | _a8428510350 | ||
| 035 | _a(Sirsi) i9788428510356 | ||
| 040 |
_aPE-LiUPU _bspa _cPE-LiUPU _erda |
||
| 049 | _aPRUA | ||
| 082 | 0 | 4 |
_a253.76 _bB23 _221 |
| 100 | 1 |
_aBarrena, Félix, _eautor. |
|
| 245 | 1 | 0 |
_aCon los padres / _cFélix Barrena. |
| 264 | 1 |
_aMadrid : _bEdiciones Paulinas, _c1985. |
|
| 300 |
_a195 páginas ; _c21 centímetros |
||
| 336 |
_atext _2rdacontent |
||
| 337 |
_aunmediated _2rdamedia |
||
| 338 |
_avolume _2rdacarrier |
||
| 504 | _aCon notas bibliográficas. | ||
| 505 | 0 | _aFruto de un trabajo pastoral. -Plan de trabajo pastoral con los padres. -Los padres que llegan. -Diferentes estilos de acogida a los padres. -La opción evangelizadora: objetivos del trabajo pastoral con los padres. -Recursos pastorales. -El programa de trabajo. -La acogida. -Quiénes somos y a qué hemos venido. -El mundo de nuestros padres y el mundo de nuestros hijos. -Anuncio de Cristo. -Nuestra parroquia quiere ser la comunidad de Jesús. -Nosotros y nuestros hijos en camino hacia la comunidad. -Miembros activos del Pueblo de Dios. -Celebraciones de la fe. | |
| 526 | _aSEG42 | ||
| 526 | _aSEG41 | ||
| 526 | _aSEG40 | ||
| 526 | _aSEG39 | ||
| 526 | _aP94 | ||
| 526 | _aP87 | ||
| 526 | _aP86 | ||
| 526 | _aP85 | ||
| 526 | _aP77 | ||
| 526 | _aP76 | ||
| 526 | _aP35 | ||
| 650 | 0 | 4 | _aEducación cristiana de niños. |
| 910 |
_ajck _bjvq _cjck _d20150616 |
||
| 942 |
_2ddc _cBOOK |
||
| 949 |
_a253.76 B23 _wDEWEY _c1 _i28411 _lCCODEBUL1 _mBUL _r0 _sY _tBOOK _u2015-6-17 _xTEOLOGIA _PP35 _0COMPRA _o.STAFF. Colección General |
||
| 994 |
_aC0 _bPEPRU |
||
| 596 | _a1 | ||
| 999 |
_a253.76 B23 _wDEWEY _c16377 _i28411 _f2021-11-10 _g5 _lCCODEBUL1 _mBUL _r0 _sY _tBOOK _u2015-6-17 _xTEOLOGIA _PP35 _0COMPRA _o.STAFF. Colección General _d16377 |
||
| 980 |
_81 _gALBERTO SANCHEZ Responsable de Automatización |
||